Design, measurement and management of large-scale IP networks : (Record no. 33089)

MARC details
000 -LEADER
fixed length control field 01369cam a22003137a 4500
005 - DATE AND TIME OF LATEST TRANSACTION
control field 20230720105335.0
008 - FIXED-LENGTH DATA ELEMENTS--GENERAL INFORMATION
fixed length control field 090224s2009 enka b 001 0 eng
010 ## - LIBRARY OF CONGRESS CONTROL NUMBER
LC control number 2009275450
015 ## - NATIONAL BIBLIOGRAPHY NUMBER
National bibliography number GBA8B1846
Source bnb
016 7# - NATIONAL BIBLIOGRAPHIC AGENCY CONTROL NUMBER
Record control number 014760285
Source Uk
020 ## - INTERNATIONAL STANDARD BOOK NUMBER
ISBN 9780521880695 (hbk.)
035 ## - SYSTEM CONTROL NUMBER
System control number (OCoLC)ocn231581107
040 ## - CATALOGING SOURCE
Original cataloging agency UKM
Transcribing agency UKM
Modifying agency BTCTA
-- BAKER
-- YDXCP
-- BWK
-- BWKUK
-- IXA
-- DLC
042 ## - AUTHENTICATION CODE
Authentication code ukblcatcopy
-- lccopycat
082 04 - DEWEY DECIMAL CLASSIFICATION NUMBER
Classification number 004.67
Edition number 22
Item number NUC-D
100 1# - MAIN ENTRY--AUTHOR
Author Name Nucci, Antonio,
Dates associated with a name 1974-
245 10 - TITLE STATEMENT
Title Design, measurement and management of large-scale IP networks :
Remainder of title bridging the gap between theory and practice /
Statement of responsibility, etc. Antonio Nucci, Konstantina Papagiannaki.
260 ## - PUBLICATION, DISTRIBUTION, ETC.
Place of Publication Cambridge ;
-- New York :
Name of publisher, distributor, etc. Cambridge University Press,
Date of publication, distribution, etc. 2009.
300 ## - PHYSICAL DESCRIPTION
Pages xii, 394 p. :
504 ## - BIBLIOGRAPHY, ETC. NOTE
Bibliography, etc. note Includes bibliographical references (p. [382]-392) and index.
650 #0 - SUBJECT ADDED ENTRY--TOPICAL TERM
Subject / Department Wide area networks (Computer networks)
General subdivision Design.
650 #0 - SUBJECT ADDED ENTRY--TOPICAL TERM
Subject / Department Wide area networks (Computer networks)
General subdivision Management.
650 #0 - SUBJECT ADDED ENTRY--TOPICAL TERM
Subject / Department TCP/IP (Computer network protocol)
700 1# - ADDED ENTRY--PERSONAL NAME
Personal name Papagiannaki, Konstantina.
300 ## - PHYSICAL DESCRIPTION
-- ill. ;
-- 26 cm.
856 41 -
-- Table of contents only
-- http://www.loc.gov/catdir/toc/fy0906/2009275450.html
906 ## - LOCAL DATA ELEMENT F, LDF (RLIN)
a 7
b cbc
c copycat
d 2
e ncip
f 20
g y-gencatlg
952 ## - LOCATION AND ITEM INFORMATION (KOHA)
-- 0
-- 0
Holdings
Lost status Damaged status Collection code Permanent Location Current Location Shelving Location Date acquired Full Call Number Accession No./Barcode Date last seen item type Koha item type
    CS/IT Superior Information Resource Center (SIRC) Superior University- Gold Campus Superior Information Resource Center (SIRC) Superior University- Gold Campus Networking 07/20/2023 004.67 NUC-D 2009 19482 07/20/2023 BOOK BOOK

Powered by Koha